000 003880000a22001570004500
020 _a958-06-1518-7
041 0 _aSPA
082 0 4 _aG 863 C961s
100 1 _aCuadra, José de la (1903-1941)
245 1 0 _aLos sangurimas / José de la Cuadra
260 _aQuito, Ecuador : El Conejo
300 _a82 Pag
440 0 _aBiblioteca de Literatura Colombiana
001 11071
942 _cBK
999 _c40442
_d40442